BABYMONSTER - Quiz Ultime - Statistiques

Statistiques générales
  • Ce quiz a été pris 404 fois
    125 depuis la dernière actualisation
  • Le résultat moyen est 34 sur 81
Statistiques - réponses
Hint Réponse % Correct
Asa Nombre de sœur qu'elle a 2
96%
Informations générales Nombre de membres 7
96%
Informations générales Nom de leur agence YG
96%
Informations générales Année de début 2023
94%
Informations générales Nom des fans MONSTIEZ
84%
Début Premier single réalisé BATTER UP
80%
Albums 2026 CHOOM
74%
Albums 2024 DRIP
74%
Albums 2025 WE GO UP
74%
Autres Nombre de membres portant un nom de scène 3
66%
Autres Nombre de membres non coréenne 4
66%
Autres Membre la plus âgée Ruka
66%
Chiquita Position Chanteuse / Danseuse / Rappeuse / Maknae
64%
Autres Plus jeune membre Chiquita
64%
Ahyeon Position Chanteuse / Rappeuse / Danseuse / Visuel / Centre
62%
Asa Nationalité Japon
62%
Ruka Nationalité Japon
62%
Autres Membre actuellement en hiatus Rami
62%
Albums 2024 BABYMONS7ER
60%
Asa Position Rappeuse / Chanteuse / Danseuse
60%
Ruka Position Danseuse / Rappeuse
56%
Rami Couleur Bleu
54%
Ahyeon Chanson dont la cover d'Ahyeon est devenue très connue Dangerously
54%
Pharita Couleur Rouge
54%
Chiquita Nationalité Thaïlande
54%
Pharita Nationalité Thaïlande
54%
Rora Position Chanteuse / Visuel
52%
Autres Chanson leur offrant leur 1ère victoire dans un music show SHEESH
52%
Asa Nom complet Enami Asa
50%
Chiquita Couleur Rose
50%
Asa Couleur Violet
50%
Pharita Position Chanteuse
46%
Rami Position Chanteuse
46%
Ahyeon Chanteur original de cette chanson Charlie Puth
46%
Ahyeon Nationalité Corée du Sud
44%
Rora Nationalité Corée du Sud
44%
Rami Nationalité Corée du Sud
44%
Rora Couleur Jaune
44%
Rora Nom complet Lee Dain
44%
Ruka Couleur Vert
44%
Ruka Membre en hiatus au début du groupe Ahyeon
42%
Ahyeon Signe astrologique Bélier
42%
Asa Signe astrologique Bélier
42%
Ruka Nom complet Kawai Ruka
42%
Ahyeon Couleur Orange
42%
Chiquita Surnom Canny, Cherry ou Kit
40%
Ahyeon Nom complet Jung Ahyeon
40%
Ruka Signe astrologique Poisson
40%
Chiquita Membre de sa famille qui est aussi un/e idol Son frère (Copper)
40%
Rami Ancien nom de scène Haram
38%
Rora Signe astrologique Lion
36%
Chiquita Signe astrologique Verseau
36%
Rami Signe astrologique Balance
34%
Rora Instrument qu'elle sait jouer Piano
34%
Rami Nom complet Shin Haram
34%
Informations générales Concept du groupe Girl crush
30%
Chiquita Anniversaire 17 février 2009
28%
Autres Chanson écrite par l'artiste dont la cover d'Ahyeon est devenue très connue LIKE THAT
26%
Ahyeon Anniversaire 11 avril 2007
24%
Asa Anniversaire 17 avril 2006
24%
Pharita Signe astrologique Vierge
22%
Rora Anniversaire 14 août 2008
18%
Rami Anniversaire 17 octobre 2007
18%
Chiquita Dans quel groupe ? BUS
18%
Ruka Anniversaire 20 mars 2002
16%
Pharita Anniversaire 26 août 2005
16%
Rami Activité (lucrative) qu'elle pratiquait enfant Mannequin
16%
Début Date de début 27 novembre 2023
14%
Rora Avec quelle autre idole était-elle dans ce groupe Hyein
10%
Rora Dans quel groupe est-elle aujourd'hui NewJeans
10%
Chiquita Nom complet Riracha Phondechaphiphat
10%
Chiquita Quel sport pratique/ait-elle Taekwondo
10%
Pharita Nom complet Pharita Chaikong
6%
Début Premier single japonais Stuck In The Middle (Japanese Ver.)
6%
Pharita Prénom sous lequel elle y participait Pear
4%
Rora Prénom sous lequel elle était appelé U.ha
4%
Rora Groupe d'enfant dont elle faisait partie U.SSO Girl
2%
Pharita Activité auquel elle participait avant d’être idol Concours de beauté
0%
Pharita Survival show auquel elle a participé Idol Paradise
0%
Asa Art qu'elle pratiquait avant La comédie musicale
0%
Ruka Groupe japonais dont elle faisait avant parti Shibu3 Project
0%
Aucun quiz correspondant
Distribution des résultats
% des personnes avec chaque résultat
Percentile par nombre de réponses
Votre historique - résultats
Vous n’avez pas pris ce quiz depuis la dernière actualisation